Crayola Colours Quiz Stats

Quiz not verified by Sporcle

Challenge
Share
Tweet
Embed
Score 0/120 Timer 15:00
0 Plays Today
Colour % Correct
Green
92.8%
Blue
92.8%
Red
90.2%
Yellow
87.7%
Orange
82.1%
Black
78.7%
White
75.3%
Brown
71.1%
Gold
62.6%
Silver
61.7%
Indigo
55.7%
Gray
48.1%
Sky Blue
46.8%
Tan
46%
Magenta
46%
Peach
45.1%
Blue Green
43.8%
Forest Green
40.9%
Red Orange
40%
Scarlet
37.9%
Copper
37.4%
Sea Green
37.4%
Burnt Sienna
37%
Midnight Blue
37%
Navy Blue
37%
Apricot
36.6%
Aquamarine
36.2%
Mahogany
35.7%
Yellow Green
35.3%
Brick Red
34.5%
Maroon
33.2%
Granny Smith Apple
32.3%
Cornflower
32.3%
Fuzzy Wuzzy Brown
31.9%
Chestnut
31.9%
Lavender
31.9%
Olive Green
31.5%
Cerulean
31.5%
Burnt Orange
31.1%
Green Yellow
31.1%
Colour % Correct
Raw Sienna
30.6%
Canary
29.8%
Denim
29.8%
Plum
29.4%
Melon
28.9%
Sepia
28.9%
Inch Worm
28.9%
Blush
28.9%
Yellow Orange
28.5%
Salmon
28.5%
Fuchsia
28.1%
Macaroni and Cheese
27.7%
Dandelion
27.7%
Desert Sand
26.8%
Cadet Blue
26.8%
Tropical Rain Forest
26.4%
Cerise
26.4%
Beaver
26%
Eggplant
26%
Electric Lime
25.5%
Piggy Pink
25.5%
Bittersweet
25.1%
Shadow
25.1%
Goldenrod
25.1%
Sunset Orange
24.7%
Neon Carrot
24.7%
Banana Mania
24.7%
Fern
24.7%
Jungle Green
24.7%
Outrageous Orange
24.3%
Vivid Tangerine
24.3%
Almond
24.3%
Pine Green
24.3%
Periwinkle
24.3%
Wisteria
24.3%
Laser Lemon
23.4%
Mountain Meadow
23.4%
Outer Space
23.4%
Blue Violet
23.4%
Timberwolf
23.4%
Colour % Correct
Antique Brass
23%
Hot Magenta
23%
Razzmatazz
23%
Asparagus
22.6%
Vivid Violet
21.7%
Red Violet
21.7%
Jazzberry Jam
21.7%
Mango Tango
21.3%
Turquoise Blue
21.3%
Carnation Pink
21.3%
Spring Green
20.9%
Blue Bell
20.9%
Wild Strawberry
20.9%
Tickle Me Pink
20.9%
Wild Watermelon
20.9%
Pink Flamingo
20.4%
Unmellow Yellow
20%
Shamrock
20%
Royal Purple
20%
Cotton Candy
20%
Sunglow
19.6%
Purple Pizzazz
19.6%
Tumbleweed
19.1%
Manatee
18.7%
Razzle Dazzle Rose
18.7%
Atomic Tangerine
18.3%
Violet Red
18.3%
Pacific Blue
17.9%
Robin Egg Blue
17.4%
Shocking Pink
17.4%
Orchid
17.4%
Caribbean Green
17%
Screamin Green
16.6%
Purple Heart
15.7%
Mauvelous
15.7%
Violet (Purple)
13.2%
Radical Red
13.2%
Wild Blue Yonder
12.8%
Pink Sherbet
11.5%
Purple Mountains’ Majesty
0.9%

You're not logged in!

Compare scores with friends on all Sporcle quizzes.
Sign Up with Email
OR
Log In

You Might Also Like...

Show Comments

Extras

Top Quizzes Today


Score Distribution

Your Account Isn't Verified!

In order to create a playlist on Sporcle, you need to verify the email address you used during registration. Go to your Sporcle Settings to finish the process.